000 00272nam a22001097a 4500
008 170120b xxu||||| |||| 00| 0 eng d
020 _a9780781723060
041 _aeng
080 _29TH
_a618.2
245 _aTEXTBOOK OF MEDICAL SURGICAL NURSING
_cBOYER, M,J
942 _2udc
_cBK
999 _c3247
_d3247